| 000 | 00845nam a2200229Ia 4500 | ||
|---|---|---|---|
| 001 | 6341 | ||
| 003 | GE_BSU | ||
| 008 | 181216s||||||||xx |||||||||||||| ||und|| | ||
| 040 | _cGE_BSU | ||
| 080 | _a94(47+57),,1941-1945" :821 | ||
| 100 | _aბაქრაძე,დავით. | ||
| 245 | _aგმირთა სისხლით. | ||
| 245 | _bწიგნი პირველი. | ||
| 245 | _cრედ:რ.ორჯონიკიძე;მხატვ;ო.ჯიშკარიანი. | ||
| 260 | _aთბილისი. | ||
| 260 | _bსაბჭ.საქართველო. | ||
| 260 | _c1977. | ||
| 300 | _a510გვ;ილ;20სმ. | ||
| 653 | _aგმირთა სისხლით. | ||
| 653 | _aსაბჭოთა კავშირის დიდი სამამულო ომი. | ||
| 942 | _cBK | ||
| 999 |
_c39736 _d39736 |
||